[Event "XV Obert Internacional d'Escacs de Figueres "Mique"]
[Site "Castillo San Ferran Figueres"]
[Date "2014.08.12"]
[Round "2"]
[Board "1"]
[White "Aroshidze, Levan"]
[Black "Renteria, Jorge"]
[Result "1-0"]
[WhiteElo "2539"]
[BlackElo "2306"]
[PlyCount "103"]
[EventDate "2014.08.11"]
[EventRounds "9"]
[EventCountry "ESP"]

1. e4 e6 2. d4 d5 3. Nc3 dxe4 4. Nxe4 Nf6 5. Bd3 Nxe4 6. Bxe4 Nd7 7. Qe2 Nf6 8.
Bxb7 Bxb7 9. Qb5+ Qd7 10. Qxb7 Rd8 11. Nf3 Bc5 12. Be3 Bb6 13. a4 a5 14. O-O
O-O 15. c3 Nd5 16. Ne5 Qe8 17. c4 Nxe3 18. fxe3 Rxd4 19. exd4 Bxd4+ 20. Kh1
Bxe5 21. Qb5 f6 22. Qxa5 Qh5 23. h3 Rb8 24. Qd2 Qh4 25. Qd3 Rxb2 26. Rad1 Qg5
27. Qf3 Bd6 28. Rde1 Kf7 29. Qg4 Qxg4 30. hxg4 Rb4 31. a5 Rxc4 32. Ra1 Rxg4 33.
Rf3 Be5 34. Ra2 Rb4 35. g3 Bd4 36. a6 Ba7 37. Rc3 c5 38. Rd3 Ke7 39. Rad2 Rd4
40. Rxd4 cxd4 41. Kg2 Kd6 42. Rb2 d3 43. Kf3 g5 44. Rb7 g4+ 45. Kxg4 d2 46. Rb1
Kc6 47. Rd1 f5+ 48. Kf3 e5 49. Rxd2 e4+ 50. Kf4 Kb5 51. Kxf5 e3 52. Ra2 1-0

[Event "XV Obert Internacional d'Escacs de Figueres "Mique"]
[Site "Castillo San Ferran Figueres"]
[Date "2014.08.12"]
[Round "2"]
[Board "2"]
[White "Cuadras Avellana, Jordi"]
[Black "Gomez Garrido, Camilo Ernesto"]
[Result "0-1"]
[WhiteElo "2327"]
[BlackElo "2496"]
[PlyCount "104"]
[EventDate "2014.08.11"]
[EventRounds "9"]
[EventCountry "ESP"]

1. e4 c5 2. Nf3 d6 3. d4 cxd4 4. Nxd4 Nf6 5. Nc3 a6 6. Be2 Nbd7 7. a4 e6 8. O-O
Qc7 9. f4 b6 10. f5 e5 11. Nb3 Bb7 12. Bf3 Be7 13. Qe2 Rc8 14. Be3 g6 15. g4
gxf5 16. gxf5 Qc4 17. Qxc4 Rxc4 18. Nd2 Rc8 19. Kf2 h5 20. h3 Bf8 21. Rg1 Bh6
22. Bxh6 Rxh6 23. Ke3 Ke7 24. Rad1 Rhh8 25. Be2 d5 26. exd5 Nxd5+ 27. Nxd5+
Bxd5 28. c3 a5 29. Bb5 Nf6 30. Be2 Rhg8 31. c4 Bc6 32. b3 Rcd8 33. Rc1 h4 34.
Nf3 Bxf3 35. Bxf3 Nd7 36. Be4 Nc5 37. Bc2 Kf6 38. Rcf1 Nb7 39. Ke2 Nd6 40. Rg4
Rxg4 41. hxg4 Nb7 42. Be4 Nc5 43. Bd5 Rg8 44. Kf3 Nxb3 45. Kf2 Rxg4 46. Rb1 Rg3
47. c5 Nxc5 48. Rxb6+ Kxf5 49. Bxf7 Ne4+ 50. Ke1 Kf4 51. Bd5 Rg1+ 52. Ke2 Nc3+
 0-1

[Event "XV Obert Internacional d'Escacs de Figueres "Mique"]
[Site "Castillo San Ferran Figueres"]
[Date "2014.08.12"]
[Round "2"]
[Board "3"]
[White "Perez Mitjans, Orelvis"]
[Black "Serra Pages, Jordi"]
[Result "1-0"]
[WhiteElo "2435"]
[BlackElo "2216"]
[PlyCount "79"]
[EventDate "2014.08.11"]
[EventRounds "9"]
[EventCountry "ESP"]

1. e4 e5 2. Nf3 Nc6 3. d4 exd4 4. Bc4 Nf6 5. e5 Ng4 6. O-O Be7 7. Bf4 f6 8.
exf6 Nxf6 9. Re1 d5 10. Bb5 O-O 11. Bxc6 bxc6 12. Nxd4 Bd7 13. Nd2 Ne4 14. Be3
Nxd2 15. Qxd2 c5 16. Nb3 d4 17. Bf4 Rf7 18. Be5 Bc6 19. Na5 Qd5 20. Nxc6 Qxc6
21. Qe2 Rd8 22. Qc4 Qd5 23. Qxd5 Rxd5 24. Bxc7 Bd6 25. Bxd6 Rxd6 26. Re8+ Rf8
27. Rxf8+ Kxf8 28. Kf1 Rb6 29. b3 Ke7 30. Ke2 Kd6 31. Kd3 Kd5 32. Re1 Rg6 33.
g3 Rh6 34. h4 Rf6 35. f4 Rg6 36. Re5+ Kd6 37. Rg5 Rxg5 38. hxg5 Kd5 39. g4 a6
40. a3 1-0

[Event "XV Obert Internacional d'Escacs de Figueres "Mique"]
[Site "Castillo San Ferran Figueres"]
[Date "2014.08.12"]
[Round "2"]
[Board "4"]
[White "Lorenzo De La Riva, Lazaro"]
[Black "Dorca Dilme, Ramon"]
[Result "1-0"]
[WhiteElo "2415"]
[BlackElo "2193"]
[PlyCount "63"]
[EventDate "2014.08.11"]
[EventRounds "9"]
[EventCountry "ESP"]

1. d4 e6 2. c4 b6 3. Nf3 Bb7 4. g3 d6 5. Bg2 Nd7 6. O-O Ne7 7. Nc3 g6 8. e4 Bg7
9. Be3 h6 10. h3 a6 11. Qd2 c5 12. d5 e5 13. Nh2 Qc7 14. Rab1 h5 15. f4 f6 16.
Nf3 O-O-O 17. fxe5 Nxe5 18. Nxe5 fxe5 19. Rf7 Rhg8 20. Bg5 Rde8 21. Rbf1 Kb8
22. Kh2 Bc8 23. a3 Bh8 24. b4 Ka7 25. bxc5 bxc5 26. Bh4 Bb7 27. Qh6 Qa5 28.
Bxe7 Qxc3 29. Bxd6 Qb3 30. Qh7 h4 31. gxh4 Ka8 32. Bf8 1-0

[Event "XV Obert Internacional d'Escacs de Figueres "Mique"]
[Site "Castillo San Ferran Figueres"]
[Date "2014.08.12"]
[Round "2"]
[Board "5"]
[White "Aloma Vidal, Robert"]
[Black "Juan Bartroli, Pau"]
[Result "1-0"]
[WhiteElo "2403"]
[BlackElo "2186"]
[PlyCount "61"]
[EventDate "2014.08.11"]
[EventRounds "9"]
[EventCountry "ESP"]

1. d4 Nf6 2. c4 e6 3. Nf3 d5 4. g3 Be7 5. Bg2 O-O 6. O-O dxc4 7. Qc2 Nc6 8.
Qxc4 Qd5 9. Nbd2 Rd8 10. e3 Qh5 11. e4 Bd7 12. e5 Nd5 13. Ne4 Na5 14. Qe2 a6
15. Rd1 Ba4 16. b3 Bb5 17. Qe1 Nb4 18. Bg5 Bxg5 19. Qxb4 Nc6 20. Qe1 Be7 21. a4
Nb4 22. axb5 Nc2 23. Qc3 Nxa1 24. Qxc7 Nxb3 25. Qxe7 axb5 26. Qb4 Qg4 27. d5
Ra4 28. Qxb3 Qxe4 29. dxe6 Rxd1+ 30. Qxd1 fxe6 31. Qd8+ 1-0

[Event "XV Obert Internacional d'Escacs de Figueres "Mique"]
[Site "Castillo San Ferran Figueres"]
[Date "2014.08.12"]
[Round "2"]
[Board "6"]
[White "Dalo, Hermes"]
[Black "Gonzalez Rodriguez, Jorge A."]
[Result "1/2-1/2"]
[WhiteElo "2221"]
[BlackElo "2382"]
[PlyCount "70"]
[EventDate "2014.08.11"]
[EventRounds "9"]
[EventCountry "ESP"]

1. d4 Nf6 2. c4 e6 3. Nc3 Bb4 4. e3 Bxc3+ 5. bxc3 d6 6. Nf3 c5 7. Bd3 Nc6 8.
O-O e5 9. Nd2 O-O 10. Rb1 b6 11. h3 Qe7 12. Qf3 Bb7 13. d5 Na5 14. e4 Bc8 15.
Re1 Kh8 16. Nf1 Ng8 17. g4 g6 18. Ne3 Rb8 19. Bd2 f6 20. Kh2 Qe8 21. Qd1 Ne7
22. Qc2 g5 23. Nf5 Nxf5 24. exf5 Ba6 25. Re4 h5 26. Kg2 Rb7 27. Rh1 Rh7 28. f3
Kg7 29. h4 Rfh8 30. hxg5 hxg4 31. Rxh7+ Rxh7 32. gxf6+ Kxf6 33. fxg4 Qh8 34.
g5+ Kg7 35. f6+ Kf8 1/2-1/2

[Event "XV Obert Internacional d'Escacs de Figueres "Mique"]
[Site "Castillo San Ferran Figueres"]
[Date "2014.08.12"]
[Round "2"]
[Board "7"]
[White "Parals Marce, Luis"]
[Black "Sanchez Enriquez, Oscar Gerard"]
[Result "0-1"]
[WhiteElo "1962"]
[BlackElo "2374"]
[PlyCount "64"]
[EventDate "2014.08.11"]
[EventRounds "9"]
[EventCountry "ESP"]

1. c4 e5 2. Nc3 Bb4 3. Qc2 Nc6 4. e3 Nf6 5. Nd5 Nxd5 6. cxd5 Ne7 7. a3 Bd6 8.
e4 c6 9. dxc6 dxc6 10. Nf3 Bg4 11. Qc3 Ng6 12. h3 Bxf3 13. Qxf3 b5 14. d3 Nf8
15. d4 Ne6 16. d5 Nd4 17. Qd1 O-O 18. dxc6 f5 19. exf5 Qh4 20. g4 g6 21. Be3
gxf5 22. gxf5 Kh8 23. Bd3 Rg8 24. Rc1 Bc7 25. Rc5 Rad8 26. Qb1 Nf3+ 27. Kf1 Bb6
28. b4 Bxc5 29. bxc5 a6 30. Ke2 Qh5 31. Kf1 Qf7 32. Be4 Qc4+ 0-1

[Event "XV Obert Internacional d'Escacs de Figueres "Mique"]
[Site "Castillo San Ferran Figueres"]
[Date "2014.08.12"]
[Round "2"]
[Board "8"]
[White "Vilar Lopez, Monica"]
[Black "Oliva Castaneda, Kevel"]
[Result "0-1"]
[WhiteElo "2171"]
[BlackElo "2446"]
[PlyCount "62"]
[EventDate "2014.08.11"]
[EventRounds "9"]
[EventCountry "ESP"]

1. e4 c5 2. Nc3 e6 3. g3 d5 4. exd5 exd5 5. Bg2 Nf6 6. d4 cxd4 7. Nce2 Qa5+ 8.
Bd2 Qb6 9. Nf3 Nc6 10. Rb1 Bf5 11. O-O Bd6 12. Bf4 Bxf4 13. Nxf4 O-O 14. Nd3
Rac8 15. a3 Rc7 16. Re1 Rfc8 17. Nh4 Be4 18. f3 Bg6 19. Nxg6 hxg6 20. b4 Ne8
21. f4 Ne7 22. Bh3 Nf5 23. Bxf5 gxf5 24. Nc5 Qf6 25. Re5 Nd6 26. Qxd4 b6 27.
Nb3 Rxc2 28. Rxd5 Qh6 29. Nd2 Ne4 30. Rd8+ Kh7 31. Nf3 Qh3 0-1

[Event "XV Obert Internacional d'Escacs de Figueres "Mique"]
[Site "Castillo San Ferran Figueres"]
[Date "2014.08.12"]
[Round "2"]
[Board "9"]
[White "Campos Moreno, Javier B."]
[Black "Alarcon Casellas, Rolando"]
[Result "1/2-1/2"]
[WhiteElo "2458"]
[BlackElo "2411"]
[PlyCount "47"]
[EventDate "2014.08.11"]
[EventRounds "9"]
[EventCountry "ESP"]

1. d4 e6 2. c4 Nf6 3. Nc3 Bb4 4. g3 O-O 5. Bg2 c5 6. Nf3 Bxc3+ 7. bxc3 Qa5 8.
Qd3 cxd4 9. Nxd4 Nc6 10. Nb3 Qh5 11. Ba3 Re8 12. Bd6 b6 13. c5 Bb7 14. O-O Ne5
15. Bxe5 Bxg2 16. Kxg2 Qxe5 17. Rac1 bxc5 18. e4 Qc7 19. e5 Nd5 20. c4 Nb4 21.
Qe4 d5 22. exd6 Qxd6 23. Rcd1 Qb6 24. Rd7 1/2-1/2

[Event "XV Obert Internacional d'Escacs de Figueres "Mique"]
[Site "Castillo San Ferran Figueres"]
[Date "2014.08.12"]
[Round "2"]
[Board "10"]
[White "Fernandez Garcia, Francesc"]
[Black "Kohlweyer, Bernd"]
[Result "0-1"]
[WhiteElo "2070"]
[BlackElo "2422"]
[PlyCount "110"]
[EventDate "2014.08.11"]
[EventRounds "9"]
[EventCountry "ESP"]

1. c4 g6 2. g3 Bg7 3. Bg2 c5 4. Nc3 Nc6 5. Nf3 b6 6. e3 Bb7 7. O-O Bxc3 8. bxc3
d6 9. a4 Qd7 10. d3 e6 11. e4 h6 12. Qe2 Nge7 13. Re1 O-O-O 14. Nd2 Na5 15. Qd1
Kb8 16. Nb3 Nec6 17. Nxa5 Nxa5 18. Ra2 Bc6 19. Qc2 f6 20. Be3 Kc7 21. Rea1 g5
22. Bf1 Qh7 23. f4 gxf4 24. Bxf4 e5 25. Be3 f5 26. exf5 Qxf5 27. Bg2 Bxg2 28.
Kxg2 d5 29. Rf1 Qe6 30. Qf2 dxc4 31. Qf7+ Qxf7 32. Rxf7+ Rd7 33. Rxd7+ Kxd7 34.
dxc4 Nxc4 35. Bf2 Ke6 36. a5 Nxa5 37. Bxc5 Rh7 38. Kf3 Nc4 39. Be3 h5 40. Ra4
Kd5 41. Ra1 Rf7+ 42. Ke2 Ke4 43. Bf2 Rc7 44. Ra4 Kd5 45. h3 a5 46. Ra1 b5 47.
Rd1+ Ke4 48. Rd8 Na3 49. Be1 Nc2 50. Bd2 b4 51. cxb4 axb4 52. Rb8 b3 53. g4
Nd4+ 54. Kd1 hxg4 55. hxg4 Ra7 0-1

[Event "XV Obert Internacional d'Escacs de Figueres "Mique"]
[Site "Castillo San Ferran Figueres"]
[Date "2014.08.12"]
[Round "2"]
[Board "11"]
[White "Prats Rodriguez, Juan Bosco"]
[Black "Saez Coma, Alejandro"]
[Result "1-0"]
[WhiteElo "2050"]
[BlackElo "2113"]
[PlyCount "67"]
[EventDate "2014.08.11"]
[EventRounds "9"]
[EventCountry "ESP"]

1. e4 c5 2. Nc3 Nc6 3. g3 g6 4. Bg2 Bg7 5. d3 Nf6 6. Be3 d6 7. h3 Rb8 8. f4 Nd7
9. Nf3 b5 10. Qd2 b4 11. Nd1 a5 12. O-O a4 13. a3 Qa5 14. axb4 cxb4 15. d4 Nb6
16. b3 Ba6 17. Re1 a3 18. f5 Rg8 19. fxg6 hxg6 20. Nf2 Nd7 21. Ng4 Nf6 22.
Nxf6+ Bxf6 23. Rad1 Rd8 24. Qf2 Qh5 25. Nh2 Bc8 26. e5 Nxe5 27. dxe5 Bxe5 28.
g4 Bxh2+ 29. Kxh2 Bxg4 30. Rd5 Qh7 31. Bb6 Rh8 32. Qe3 Rd7 33. Rxd6 Bxh3 34.
Qxe7+ 1-0

[Event "XV Obert Internacional d'Escacs de Figueres "Mique"]
[Site "Castillo San Ferran Figueres"]
[Date "2014.08.12"]
[Round "2"]
[Board "12"]
[White "Aymerich Verdaguer, Eduard"]
[Black "Vinardell Cruanas, Sergi"]
[Result "1/2-1/2"]
[WhiteElo "2023"]
[BlackElo "2167"]
[PlyCount "80"]
[EventDate "2014.08.11"]
[EventRounds "9"]
[EventCountry "ESP"]

1. d4 d5 2. c4 c6 3. Nf3 Nf6 4. Nc3 dxc4 5. a4 Bf5 6. Ne5 Nbd7 7. Nxc4 Qc7 8.
g3 e5 9. dxe5 Nxe5 10. Bf4 Nfd7 11. Bg2 f6 12. a5 Rd8 13. Ne3 Bg6 14. Bxe5 Qxe5
15. Qa4 Nc5 16. Qg4 Be7 17. Nc4 Nd3+ 18. Kf1 Qc5 19. exd3 Bxd3+ 20. Kg1 Qxc4
21. Qxc4 Bxc4 22. a6 Bxa6 23. Bxc6+ Kf7 24. Kg2 Bc5 25. Bd5+ Kg6 26. Ra4 f5 27.
Rd1 Be7 28. g4 Bf6 29. gxf5+ Kxf5 30. Ne4 Be5 31. Ng3+ Bxg3 32. hxg3 g5 33.
Rad4 Kf6 34. Bf3 Rxd4 35. Rxd4 Re8 36. Rb4 Rd8 37. Rb3 Rd7 38. Ra3 Rd6 39. Rb3
b5 40. Rc3 Rb6 1/2-1/2

[Event "XV Obert Internacional d'Escacs de Figueres "Mique"]
[Site "Castillo San Ferran Figueres"]
[Date "2014.08.12"]
[Round "2"]
[Board "13"]
[White "Pinsach Gelabert, Alexandre"]
[Black "Cano Egea, Gerard"]
[Result "0-1"]
[WhiteElo "2140"]
[BlackElo "1934"]
[PlyCount "89"]
[EventDate "2014.08.11"]
[EventRounds "9"]
[EventCountry "ESP"]

1. e4 e5 2. Nf3 Nc6 3. Bb5 a6 4. Ba4 Nf6 5. O-O Be7 6. Re1 b5 7. Bb3 d6 8. c3
O-O 9. d4 Bg4 10. Be3 exd4 11. cxd4 Na5 12. Bc2 Nc4 13. Bc1 c5 14. b3 Nb6 15.
Nbd2 cxd4 16. Bb2 Nfd7 17. h3 Bh5 18. g4 Bg6 19. Nxd4 Bg5 20. N2f3 Bf4 21. Nc6
Qc7 22. Ne7+ Kh8 23. Nd4 Ne5 24. Nef5 Rac8 25. Bc1 Bxc1 26. Rxc1 Bxf5 27. Nxf5
Rfd8 28. Bb1 Qb8 29. Kg2 Rc5 30. Qd4 Rxc1 31. Rxc1 f6 32. Ne7 Qb7 33. Nd5 Na8
34. f4 Ng6 35. Rh1 Nc7 36. Kg3 Re8 37. h4 Nxd5 38. exd5 Qe7 39. h5 Qe2 40. hxg6
Re3+ 41. Kh4 Qf2+ 42. Kh5 Rh3+ 43. Rxh3 Qxd4 44. gxh7 Qxf4 45. Kg6 0-1

[Event "XV Obert Internacional d'Escacs de Figueres "Mique"]
[Site "Castillo San Ferran Figueres"]
[Date "2014.08.12"]
[Round "2"]
[Board "14"]
[White "Ayats Llobera, Gerard"]
[Black "Coronado Iruela, Manuel"]
[Result "1/2-1/2"]
[WhiteElo "1934"]
[BlackElo "2070"]
[PlyCount "42"]
[EventDate "2014.08.11"]
[EventRounds "9"]
[EventCountry "ESP"]

1. e4 e6 2. d3 c5 3. Nf3 Nc6 4. g3 g6 5. Bg2 Bg7 6. O-O Nge7 7. Re1 d6 8. Nbd2
O-O 9. Nf1 Rb8 10. h4 h6 11. N1h2 Kh7 12. h5 g5 13. c3 b5 14. d4 b4 15. Qd3 Kg8
16. Be3 bxc3 17. bxc3 cxd4 18. cxd4 Qa5 19. Bf1 Nb4 20. Qd2 Bd7 21. a3 Nbc6
 1/2-1/2

[Event "XV Obert Internacional d'Escacs de Figueres "Mique"]
[Site "Castillo San Ferran Figueres"]
[Date "2014.08.12"]
[Round "2"]
[Board "15"]
[White "Serra Canals, Oriol"]
[Black "Diaz Munoz, Sergi"]
[Result "0-1"]
[WhiteElo "1892"]
[BlackElo "2034"]
[PlyCount "114"]
[EventDate "2014.08.11"]
[EventRounds "9"]
[EventCountry "ESP"]

1. d4 Nf6 2. c4 e6 3. Nf3 b6 4. a3 Bb7 5. Nc3 Be7 6. d5 O-O 7. g3 a5 8. e4 exd5
9. cxd5 Bc5 10. Bd3 Re8 11. O-O Ba6 12. h3 d6 13. Bxa6 Nxa6 14. Bg5 h6 15. Bh4
g5 16. Nxg5 hxg5 17. Bxg5 Kg7 18. Qf3 Bd4 19. Ne2 Bxb2 20. Nf4 Rh8 21. Ra2 Be5
22. Bxf6+ Qxf6 23. Nh5+ Rxh5 24. Qxh5 Nc5 25. Re2 Qg6 26. Qxg6+ Kxg6 27. f4
Bd4+ 28. Kg2 b5 29. e5 dxe5 30. fxe5 Re8 31. Rf6+ Kg7 32. Rc6 Na4 33. e6 fxe6
34. Rxc7+ Kf6 35. Rc6 Bb2 36. d6 Bxa3 37. Rf2+ Ke5 38. d7 Rd8 39. Re2+ Kd5 40.
Rc8 Be7 41. h4 Nb6 42. Rxd8 Bxd8 43. h5 Nxd7 44. Rd2+ Kc6 45. Kf3 Bg5 46. Rc2+
Nc5 47. Rh2 Bh6 48. g4 a4 49. Rg2 Bg5 50. Rh2 a3 51. h6 Bxh6 52. Rxh6 a2 53.
Rh1 b4 54. g5 b3 55. g6 Nd7 56. g7 Nf6 57. Kf4 b2 0-1

[Event "XV Obert Internacional d'Escacs de Figueres "Mique"]
[Site "Castillo San Ferran Figueres"]
[Date "2014.08.12"]
[Round "2"]
[Board "16"]
[White "Alvarez Albiol, Victor"]
[Black "Caballero Maytin, Jesus"]
[Result "0-1"]
[WhiteElo "1806"]
[BlackElo "1992"]
[PlyCount "70"]
[EventDate "2014.08.11"]
[EventRounds "9"]
[EventCountry "ESP"]

1. e4 c5 2. Nf3 g6 3. d4 cxd4 4. Nxd4 Bg7 5. c4 Nc6 6. Be3 Nf6 7. Nc3 O-O 8.
Be2 d6 9. O-O Bd7 10. Qd2 Nxd4 11. Bxd4 Qa5 12. Bd3 Bc6 13. Rae1 Qh5 14. h3 Qh4
15. b4 a5 16. a3 Bd7 17. c5 axb4 18. axb4 dxc5 19. Bxc5 Nh5 20. Nd5 Rfe8 21.
Nc7 Bxh3 22. gxh3 Nf4 23. Qe3 Nxh3+ 24. Kg2 Nf4+ 25. Kg1 Be5 26. Nxe8 Ne2+ 27.
Kg2 Qh2+ 28. Kf3 Qh5+ 29. Kg2 Nf4+ 30. Kg1 Qg4+ 31. Qg3 Nh3+ 32. Kg2 Bxg3 33.
fxg3 Ra2+ 34. Kh1 Qxg3 35. Be2 Nf4 0-1

[Event "XV Obert Internacional d'Escacs de Figueres "Mique"]
[Site "Castillo San Ferran Figueres"]
[Date "2014.08.12"]
[Round "2"]
[Board "18"]
[White "Costa Trave, Jaume"]
[Black "Rivera Hernandez, Josep"]
[Result "1-0"]
[WhiteElo "1947"]
[BlackElo "1925"]
[PlyCount "67"]
[EventDate "2014.08.11"]
[EventRounds "9"]
[EventCountry "ESP"]

1. f4 d5 2. Nf3 Nf6 3. e3 c5 4. d4 e6 5. c3 Nc6 6. Bd3 Be7 7. Nbd2 b6 8. Bb5
Bb7 9. Qa4 Qc7 10. Ne5 Rc8 11. Qxa7 O-O 12. Bxc6 Bxc6 13. Qxc7 Rxc7 14. Nxc6
Rxc6 15. O-O c4 16. Re1 b5 17. e4 b4 18. e5 Nd7 19. Nb1 Ra8 20. cxb4 Bxb4 21.
Bd2 Rb6 22. Bc3 Bxc3 23. bxc3 Rb2 24. Kf1 Raxa2 25. Rxa2 Rxa2 26. Re2 Rxe2 27.
Kxe2 f6 28. g4 Kf7 29. h4 g5 30. hxg5 fxg5 31. f5 h5 32. fxe6+ Kxe6 33. Na3 Ke7
34. Nb5 1-0

[Event "XV Obert Internacional d'Escacs de Figueres "Mique"]
[Site "Castillo San Ferran Figueres"]
[Date "2014.08.13"]
[Round "3"]
[Board "1"]
[White "Lorenzo De La Riva, Lazaro"]
[Black "Aroshidze, Levan"]
[Result "1/2-1/2"]
[WhiteElo "2415"]
[BlackElo "2539"]
[PlyCount "94"]
[EventDate "2014.08.11"]
[EventRounds "9"]
[EventCountry "ESP"]

1. e4 c5 2. Nf3 e6 3. d4 cxd4 4. Nxd4 Nc6 5. Nc3 Qc7 6. Be3 a6 7. Qd2 Nf6 8. f4
Bb4 9. Bd3 Ne7 10. a3 Bxc3 11. Qxc3 Qxc3+ 12. bxc3 d5 13. e5 Ne4 14. c4 Nc5 15.
Be2 dxc4 16. Nc6 Nxc6 17. Bxc5 Bd7 18. O-O Rc8 19. Bb6 Ne7 20. a4 Bc6 21. g3
Be4 22. c3 h5 23. a5 h4 24. g4 h3 25. Bd4 Nd5 26. Rf2 Rh4 27. Re1 f5 28. exf6
gxf6 29. Bd1 f5 30. Be5 Rc5 31. Ra2 Rb5 32. Kf2 Bb1 33. Rd2 Rxg4 34. Bxg4 fxg4
35. Rxd5 exd5 36. Bd4+ Be4 37. Kg3 Rb2 38. Kxg4 Rxh2 39. Kg3 Ra2 40. Kxh3 Rxa5
41. f5 Ra2 42. Kg4 Kf7 43. Kf4 Rh2 44. Rg1 Rh4+ 45. Ke5 Rh5 46. Kd6 Rxf5 47.
Rg7+ Kf8 1/2-1/2

[Event "XV Obert Internacional d'Escacs de Figueres "Mique"]
[Site "Castillo San Ferran Figueres"]
[Date "2014.08.13"]
[Round "3"]
[Board "2"]
[White "Gomez Garrido, Camilo Ernesto"]
[Black "Aloma Vidal, Robert"]
[Result "1-0"]
[WhiteElo "2496"]
[BlackElo "2403"]
[PlyCount "135"]
[EventDate "2014.08.11"]
[EventRounds "9"]
[EventCountry "ESP"]

1. e4 c6 2. d4 d5 3. e5 Bf5 4. h4 h5 5. c4 e6 6. Nc3 Ne7 7. Nge2 dxc4 8. Ng3 b5
9. Be2 Nd7 10. Bxh5 g6 11. Bf3 Nd5 12. Nxf5 gxf5 13. g3 Qa5 14. O-O O-O-O 15.
Bg5 Re8 16. Qe2 N7b6 17. a4 b4 18. Nd1 Kb7 19. Ne3 Nxe3 20. Bxe3 Bh6 21. Bg2 f4
22. Bc1 Reg8 23. Qh5 Nd5 24. Qxf7+ Nc7 25. Bxf4 Rf8 26. Qd7 Bxf4 27. Qxc6+ Kc8
28. Bh3 Kb8 29. Bg2 Qb6 30. Qxc4 a5 31. Rad1 Rfg8 32. Rd3 Rg4 33. gxf4 Rxf4 34.
Rc1 Rg8 35. Qc5 Qxc5 36. dxc5 Rxh4 37. Rcd1 Nd5 38. Rg3 Rxg3 39. fxg3 Rc4 40.
Bxd5 exd5 41. Rxd5 Kc7 42. e6 Re4 43. Rd6 Re5 44. Ra6 Rxc5 45. e7 Kd7 46. Re6
Ke8 47. Re3 Rc1+ 48. Kf2 Rc2+ 49. Re2 b3 50. Kf3 Rc4 51. Re4 Rc2 52. Re2 Rc4
53. Re3 Rxa4 54. Rxb3 Kxe7 55. Rb6 Rd4 56. g4 a4 57. g5 Kf7 58. Ke3 Rg4 59. g6+
Kg7 60. Kd2 Rxg6 61. Rxg6+ Kxg6 62. Kc2 Kf5 63. Kb1 a3 64. b3 Ke4 65. Ka2 Kd5
66. Kxa3 Kc5 67. Ka4 Kc6 68. Ka5 1-0

[Event "XV Obert Internacional d'Escacs de Figueres "Mique"]
[Site "Castillo San Ferran Figueres"]
[Date "2014.08.13"]
[Round "3"]
[Board "3"]
[White "Sanchez Enriquez, Oscar Gerard"]
[Black "Perez Mitjans, Orelvis"]
[Result "0-1"]
[WhiteElo "2374"]
[BlackElo "2435"]
[PlyCount "64"]
[EventDate "2014.08.11"]
[EventRounds "9"]
[EventCountry "ESP"]

1. d4 Nf6 2. Bg5 e6 3. e4 h6 4. Bxf6 Qxf6 5. c3 d5 6. Nd2 c5 7. Ngf3 a6 8. Bd3
cxd4 9. e5 Qd8 10. Nxd4 Nc6 11. N2f3 Qc7 12. Qe2 g5 13. Nxc6 bxc6 14. O-O Qb6
15. b4 a5 16. a3 Be7 17. h3 Bd7 18. Nd4 c5 19. bxc5 Qxc5 20. a4 Qxc3 21. Nb5
Bxb5 22. Bxb5+ Kf8 23. Rac1 Qb4 24. Rc7 Kg7 25. Rfc1 Rhf8 26. g3 Rab8 27. R1c6
Bd8 28. Rd7 Kg8 29. Qc2 Qe1+ 30. Kg2 Qxe5 31. Qc5 Qe4+ 32. f3 Qe5 0-1

[Event "XV Obert Internacional d'Escacs de Figueres "Mique"]
[Site "Castillo San Ferran Figueres"]
[Date "2014.08.13"]
[Round "3"]
[Board "4"]
[White "Oliva Castaneda, Kevel"]
[Black "Prats Rodriguez, Juan Bosco"]
[Result "1-0"]
[WhiteElo "2446"]
[BlackElo "2050"]
[PlyCount "81"]
[EventDate "2014.08.11"]
[EventRounds "9"]
[EventCountry "ESP"]

1. Nf3 d5 2. c4 dxc4 3. e3 c5 4. Bxc4 Nf6 5. O-O e6 6. Qe2 a6 7. Rd1 b5 8. Bb3
Bb7 9. a4 b4 10. d3 Nc6 11. Nbd2 Be7 12. Nc4 a5 13. e4 h6 14. h3 Qc7 15. Be3
O-O 16. Rac1 Rfd8 17. g3 Ba6 18. Rc2 Rac8 19. Kg2 Rd7 20. Bf4 Qd8 21. Rcd2 Nh5
22. Be3 Nf6 23. Qe1 Bb7 24. Kh2 Bf8 25. Nfe5 Nxe5 26. Nxe5 Rdc7 27. f4 Ba6 28.
Qf2 Be7 29. Rg1 Bb7 30. g4 Nh7 31. Kh1 Bf6 32. Nf3 g5 33. h4 Rd7 34. Bc4 gxf4
35. Bxf4 Bg7 36. g5 hxg5 37. Nxg5 Nxg5 38. Bxg5 f6 39. Bxf6 Bxe4+ 40. dxe4 Rxd2
41. Qf3 1-0

[Event "XV Obert Internacional d'Escacs de Figueres "Mique"]
[Site "Castillo San Ferran Figueres"]
[Date "2014.08.13"]
[Round "3"]
[Board "5"]
[White "Kohlweyer, Bernd"]
[Black "Dalo, Hermes"]
[Result "1-0"]
[WhiteElo "2422"]
[BlackElo "2221"]
[PlyCount "63"]
[EventDate "2014.08.11"]
[EventRounds "9"]
[EventCountry "ESP"]

1. d4 Nf6 2. c4 g6 3. Nc3 Bg7 4. e4 d6 5. f3 O-O 6. Nge2 Nc6 7. Be3 a6 8. Qd2
Rb8 9. Rc1 Bd7 10. Nd1 e6 11. Nf2 b5 12. c5 d5 13. e5 Ne8 14. h4 f6 15. f4 f5
16. h5 Qc8 17. Ng1 Nd8 18. Nf3 c6 19. Nh3 Bh6 20. Nhg5 Kg7 21. Qf2 Rh8 22. Qg3
Nc7 23. Be2 Be8 24. Kf2 Qd7 25. Rh3 Bxg5 26. Nxg5 Bf7 27. Rch1 Nb7 28. hxg6
Bxg6 29. Nxh7 Rbd8 30. Qxg6+ Kxg6 31. Rg3+ Kf7 32. Bh5+ 1-0

[Event "XV Obert Internacional d'Escacs de Figueres "Mique"]
[Site "Castillo San Ferran Figueres"]
[Date "2014.08.13"]
[Round "3"]
[Board "6"]
[White "Gonzalez Rodriguez, Jorge A."]
[Black "Campos Moreno, Javier B."]
[Result "1-0"]
[WhiteElo "2382"]
[BlackElo "2458"]
[PlyCount "83"]
[EventDate "2014.08.11"]
[EventRounds "9"]
[EventCountry "ESP"]

1. b3 e5 2. Bb2 Nf6 3. e3 Nc6 4. c4 g6 5. Nc3 Bg7 6. Nf3 d6 7. d3 O-O 8. Be2 a6
9. a3 Rb8 10. Qc2 Bd7 11. b4 b5 12. cxb5 axb5 13. O-O Ne7 14. d4 exd4 15. Nxd4
c6 16. Rfd1 d5 17. e4 dxe4 18. Nxe4 Nxe4 19. Qxe4 Re8 20. Qc2 Qc8 21. Bf3 Bg4
22. Bxg4 Qxg4 23. Nxc6 Bxb2 24. Nxe7+ Rxe7 25. Qxb2 Rbe8 26. h3 Qf4 27. Qd2 Qf6
28. Ra2 h5 29. Qd4 Qa6 30. Qd6 Qa7 31. Rd4 Re6 32. Qf4 Re5 33. h4 Kg7 34. Rd6
Kg8 35. Qf3 Qc7 36. Qc6 Qb8 37. Rad2 Re1+ 38. Kh2 R8e6 39. g3 Rxd6 40. Rxd6 Re8
41. Qd5 Kh7 42. Qxf7+ 1-0

[Event "XV Obert Internacional d'Escacs de Figueres "Mique"]
[Site "Castillo San Ferran Figueres"]
[Date "2014.08.13"]
[Round "3"]
[Board "7"]
[White "Alarcon Casellas, Rolando"]
[Black "Diaz Munoz, Sergi"]
[Result "1-0"]
[WhiteElo "2411"]
[BlackElo "2034"]
[PlyCount "61"]
[EventDate "2014.08.11"]
[EventRounds "9"]
[EventCountry "ESP"]

1. d4 Nf6 2. Bg5 e6 3. Nd2 d5 4. e3 Be7 5. Bd3 O-O 6. f4 b6 7. Qe2 c5 8. c3 Bb7
9. Bxf6 Bxf6 10. Ngf3 a5 11. h4 Ba6 12. Ng5 Bxd3 13. Qxd3 g6 14. Ngf3 cxd4 15.
exd4 Qc7 16. Ne5 Bxe5 17. fxe5 f6 18. h5 g5 19. exf6 Rxf6 20. O-O-O Nc6 21. h6
b5 22. Rdf1 Raf8 23. Rxf6 Rxf6 24. Qxb5 Nxd4 25. Qe8+ Rf8 26. Qh5 Rf5 27. Kb1
Qf4 28. cxd4 Qxd2 29. Qe8+ Rf8 30. Qxe6+ Rf7 31. Rc1 1-0